PHARMACEUTICAL ORGANIC CHEMISTRY -I (Record no. 34466)

MARC details
000 -LEADER
fixed length control field 00301nam a22001337a 4500
003 - CONTROL NUMBER IDENTIFIER
control field SGT
020 ## - INTERNATIONAL STANDARD BOOK NUMBER
International Standard Book Number 9789391910457
082 ## - DEWEY DECIMAL CLASSIFICATION NUMBER
Classification number 615.19
Item number CHA
100 ## - MAIN ENTRY--PERSONAL NAME
Personal name CHAWLA POOJA A
245 ## - TITLE STATEMENT
Title PHARMACEUTICAL ORGANIC CHEMISTRY -I
260 ## - PUBLICATION, DISTRIBUTION, ETC. (IMPRINT)
Place of publication, distribution, etc INDIA
Name of publisher, distributor, etc PHARMA MED
Year of Publication 2026
300 ## - PAGE DESCRIPTION
No. of Pages 171
942 ## - ADDED ENTRY ELEMENTS (KOHA)
Source of classification or shelving scheme Dewey Decimal Classification
Koha item type Books
Holdings
Withdrawn status Lost status Source of classification or shelving scheme Damaged status Not for loan Collection code Home library Current library Shelving location Date acquired Vendor Name Cost, normal purchase price SGTU Bill Number Total Checkouts Full call number Accession No. (Barcode) Date last seen Bill Date Koha item type
    Dewey Decimal Classification     SCIENCE SGT Science & Social Sciences Library SGT Science & Social Sciences Library Text Book 26/03/2026 ABC 295.00 SGTU 22597   615.19 CHA DP1974 26/03/2026 09/03/2026 Books
    Dewey Decimal Classification     SCIENCE SGT Science & Social Sciences Library SGT Science & Social Sciences Library Text Book 26/03/2026 ABC 295.00 SGTU 22597   615.19 CHA DP1975 26/03/2026 09/03/2026 Books